[Event "I Cerrado Concello de Arteixo 2015"]
[Site "Arteixo ESP"]
[Date "2015.07.13"]
[Round "1.1"]
[White "Gonzalez Trigal, Jose Luis"]
[Black "Iwanow, Anna"]
[Result "1-0"]
[WhiteElo "2246"]
[BlackElo "2206"]
[PlyCount "75"]
[EventDate "2015.07.13"]
[EventType "tourn"]
[EventRounds "9"]
[EventCountry "ESP"]
[Source "lmi"]
[SourceDate "2015.07.13"]

1. d4 Nf6 2. c4 c5 3. d5 e6 4. Nc3 exd5 5. cxd5 d6 6. e4 g6 7. Bd3 Bg7 8. h3
O-O 9. Nf3 b5 10. Nxb5 Re8 11. Nd2 Nxe4 12. Bxe4 a6 13. Nxd6 Qxd6 14. O-O Nd7
15. Nc4 Qf6 16. Qf3 a5 17. d6 Qxf3 18. Bxf3 Ra7 19. Rd1 Ba6 20. Ne3 Ne5 21. Bd5
Rd8 22. Bd2 Rxd6 23. Bxa5 Be2 24. Rd2 Rxa5 25. Rxe2 Rb6 26. f4 Nd3 27. Nc4 Bd4+
28. Kh2 Rab5 29. a4 Rxb2 30. Nxb2 Nxf4 31. Re8+ Kg7 32. Bf3 Rxb2 33. a5 Rd2 34.
Ra4 Ne6 35. a6 Be5+ 36. Kg1 Bg3 37. a7 Rb2 38. Ra1 1-0

[Event "I Cerrado Concello de Arteixo 2015"]
[Site "Arteixo ESP"]
[Date "2015.07.13"]
[Round "1.2"]
[White "Medarde Santiago, Luis Marcos"]
[Black "Kantans, Toms"]
[Result "0-1"]
[WhiteElo "2273"]
[BlackElo "2458"]
[PlyCount "41"]
[EventDate "2015.07.13"]
[EventType "tourn"]
[EventRounds "9"]
[EventCountry "ESP"]
[Source "lmi"]
[SourceDate "2015.07.13"]

1. e4 d5 2. exd5 Qxd5 3. Nc3 Qd6 4. d4 g6 5. Nf3 Bg7 6. Bc4 Nf6 7. O-O O-O 8.
h3 a6 9. a4 Bf5 10. Re1 Nc6 11. b3 Nb4 12. Ba3 c5 13. g4 Nxg4 14. hxg4 Bxg4 15.
Bxb4 cxb4 16. Ne4 Qf4 17. Ned2 Bxd4 18. Qe2 Qg3+ 19. Kh1 Bxf2 20. Qe4 Rad8 21.
Rg1 0-1

[Event "I Cerrado Concello de Arteixo 2015"]
[Site "Arteixo ESP"]
[Date "2015.07.13"]
[Round "1.3"]
[White "Paunovic, Dragan"]
[Black "Vega Gomez, Francisco B"]
[Result "1-0"]
[WhiteElo "2451"]
[BlackElo "2237"]
[PlyCount "103"]
[EventDate "2015.07.13"]
[EventType "tourn"]
[EventRounds "9"]
[EventCountry "ESP"]
[Source "lmi"]
[SourceDate "2015.07.13"]

1. Nf3 d6 2. d4 Bg4 3. g3 Bxf3 4. exf3 e6 5. Bg2 Nf6 6. O-O Be7 7. c4 c6 8. Nc3
d5 9. Qb3 Qb6 10. c5 Qxb3 11. axb3 Nbd7 12. b4 O-O 13. b5 e5 14. dxe5 Nxe5 15.
Re1 Ng6 16. b4 a6 17. bxa6 Rxa6 18. Rxa6 bxa6 19. f4 Re8 20. Na4 Bd8 21. Bd2
Rxe1+ 22. Bxe1 Nd7 23. Bf1 Nb8 24. Bc3 f6 25. Bh3 Nf8 26. Nb6 Kf7 27. Bc8 Ke7
28. Kf1 Bc7 29. Ke2 Kd8 30. Bf5 Ke7 31. Bd3 h6 32. f5 Kd8 33. f4 Bxb6 34. cxb6
Nfd7 35. Bd4 Kc8 36. g4 Kb7 37. g5 a5 38. bxa5 c5 39. Bb2 hxg5 40. fxg5 c4 41.
Bc2 Ka6 42. gxf6 gxf6 43. Bc3 d4 44. Bxd4 Kxa5 45. Be4 Nxb6 46. Bxf6 N8d7 47.
Bg7 Kb4 48. h4 Nc8 49. h5 Nd6 50. h6 Nf7 51. h7 Kc5 52. Bf3 1-0

[Event "I Cerrado Concello de Arteixo 2015"]
[Site "Arteixo ESP"]
[Date "2015.07.13"]
[Round "1.4"]
[White "Sande Edreira, Jose Antonio"]
[Black "Hoffman, Alejandro"]
[Result "1/2-1/2"]
[WhiteElo "2277"]
[BlackElo "2456"]
[PlyCount "30"]
[EventDate "2015.07.13"]
[EventType "tourn"]
[EventRounds "9"]
[EventCountry "ESP"]
[Source "lmi"]
[SourceDate "2015.07.13"]

1. c4 c6 2. Nf3 d5 3. g3 Nf6 4. b3 Bg4 5. Bg2 Nbd7 6. O-O e6 7. Bb2 Bd6 8. Na3
O-O 9. Nc2 Bxf3 10. Bxf3 Ne5 11. Bxe5 Bxe5 12. d4 Bc7 13. Qd3 Qe7 14. Rad1 Rad8
15. Ne3 g6 1/2-1/2

[Event "I Cerrado Concello de Arteixo 2015"]
[Site "Arteixo ESP"]
[Date "2015.07.13"]
[Round "1.5"]
[White "Fernandez Borrego, Pablo"]
[Black "Senlle Caride, Miguel"]
[Result "1/2-1/2"]
[WhiteElo "2378"]
[BlackElo "2330"]
[PlyCount "129"]
[EventDate "2015.07.13"]
[EventType "tourn"]
[EventRounds "9"]
[EventCountry "ESP"]
[Source "lmi"]
[SourceDate "2015.07.13"]

1. Nf3 Nf6 2. g3 d5 3. Bg2 e6 4. O-O Be7 5. d4 O-O 6. c4 dxc4 7. Ne5 c5 8. dxc5
Qc7 9. Nxc4 Qxc5 10. b3 Rd8 11. Nbd2 Nc6 12. Ba3 Nb4 13. Bb2 Qh5 14. a3 Nc6 15.
e3 Qxd1 16. Rfxd1 Bd7 17. b4 Nd5 18. b5 Nb8 19. e4 Nb6 20. a4 Be8 21. Na5 Bb4
22. Ndb3 Rxd1+ 23. Rxd1 N8d7 24. Ra1 Bxa5 25. Nxa5 Nc5 26. e5 Ncxa4 27. Bd4
Bxb5 28. Nxb7 Rb8 29. Nd6 Bd7 30. Rc1 Nd5 31. Bxa7 Nac3 32. Bxb8 Ne2+ 33. Kf1
Nxc1 34. Be4 Nb3 35. Ke1 Nc5 36. Bb1 Nb4 37. Kd2 Nc6 38. Bc7 Nxe5 39. h3 Na6
40. Bb6 Nb4 41. f4 Nd5 42. Bc5 Nc6 43. Be4 Nce7 44. Nc4 Nf6 45. Bb1 Ned5 46.
Ne5 Bb5 47. f5 Bf1 48. h4 Bh3 49. fxe6 fxe6 50. Ke1 Bf5 51. Ba2 Ne4 52. Bxd5
exd5 53. Bf2 Kf8 54. g4 Nxf2 55. Kxf2 Be4 56. Ke3 Ke7 57. Nc6+ Kd6 58. Nd4 h5
59. gxh5 Ke5 60. Ne2 Bh7 61. Nd4 Bg8 62. Nc6+ Kf6 63. Kd4 Be6 64. Nb4 Kf5 65.
Nxd5 1/2-1/2

[Event "I Cerrado Concello de Arteixo 2015"]
[Site "Arteixo ESP"]
[Date "2015.07.14"]
[Round "2.1"]
[White "Iwanow, Anna"]
[Black "Senlle Caride, Miguel"]
[Result "1/2-1/2"]
[WhiteElo "2206"]
[BlackElo "2330"]
[PlyCount "72"]
[EventDate "2015.07.13"]
[EventType "tourn"]
[EventRounds "9"]
[EventCountry "ESP"]
[EventCategory "4"]
[Source "lmi"]
[SourceDate "2015.07.13"]

1. e4 e5 2. Nf3 Nc6 3. Bb5 a6 4. Ba4 Nf6 5. O-O b5 6. Bb3 Bb7 7. d4 Nxd4 8.
Nxd4 exd4 9. e5 Ne4 10. c3 dxc3 11. Nxc3 Nxc3 12. bxc3 Qh4 13. Re1 Bc5 14. Qe2
O-O 15. Be3 Bxe3 16. Qxe3 Rfe8 17. Rad1 d6 18. Rd4 Qh5 19. e6 fxe6 20. Bxe6+
Kh8 21. f4 Qg6 22. g4 Re7 23. f5 Qe8 24. g5 Bc8 25. Rh4 Bxe6 26. g6 Bxf5 27.
Qxe7 Qxg6+ 28. Kf2 d5 29. Rf4 h5 30. Re5 Bg4 31. Rg5 Qc2+ 32. Kg1 Qc1+ 33. Kg2
Qc2+ 34. Kf1 Qc1+ 35. Kg2 Qd2+ 36. Kg1 Qc1+ 1/2-1/2

[Event "I Cerrado Concello de Arteixo 2015"]
[Site "Arteixo ESP"]
[Date "2015.07.14"]
[Round "2.2"]
[White "Hoffman, Alejandro"]
[Black "Fernandez Borrego, Pablo"]
[Result "1-0"]
[WhiteElo "2456"]
[BlackElo "2378"]
[PlyCount "73"]
[EventDate "2015.07.13"]
[EventType "tourn"]
[EventRounds "9"]
[EventCountry "ESP"]
[EventCategory "4"]
[Source "lmi"]
[SourceDate "2015.07.13"]

1. d4 e6 2. c4 Nf6 3. Nf3 Bb4+ 4. Nbd2 Ne4 5. g3 Qf6 6. Bg2 Nc6 7. O-O Nxd2 8.
Bxd2 Bxd2 9. Qxd2 d6 10. d5 Ne5 11. Nxe5 Qxe5 12. Qa5 O-O 13. Qxc7 Qxb2 14. e3
Qb6 15. Qxb6 axb6 16. Rfb1 Ra6 17. Rb2 e5 18. Bf1 Rd8 19. e4 f5 20. c5 Ra5 21.
cxb6 fxe4 22. Rc1 Kf8 23. Bb5 Bd7 24. a4 Bxb5 25. axb5 Ke7 26. Rc7+ Rd7 27.
Rbc2 Rxb5 28. Rxd7+ Kxd7 29. Rc7+ Kd8 30. Rxb7 g6 31. g4 h5 32. g5 Rxd5 33. Rg7
Rb5 34. b7 d5 35. Rxg6 Rxb7 36. Rg8+ Kd7 37. Rg7+ 1-0

[Event "I Cerrado Concello de Arteixo 2015"]
[Site "Arteixo ESP"]
[Date "2015.07.14"]
[Round "2.3"]
[White "Vega Gomez, Francisco B"]
[Black "Sande Edreira, Jose Antonio"]
[Result "1-0"]
[WhiteElo "2237"]
[BlackElo "2277"]
[PlyCount "141"]
[EventDate "2015.07.13"]
[EventType "tourn"]
[EventRounds "9"]
[EventCountry "ESP"]
[EventCategory "4"]
[Source "lmi"]
[SourceDate "2015.07.13"]

1. d4 Nf6 2. Nf3 g6 3. g3 Bg7 4. Bg2 O-O 5. O-O d6 6. c4 Nbd7 7. Nc3 e5 8. e4
c6 9. h3 Re8 10. Re1 a6 11. d5 cxd5 12. Nxd5 Nxd5 13. Qxd5 Qc7 14. b3 Nc5 15.
Bb2 Bd7 16. Qd2 Bc6 17. Qc2 a5 18. Rad1 Bh6 19. h4 b6 20. Nh2 Rac8 21. Ng4 Bg7
22. h5 Ne6 23. h6 Bh8 24. Ne3 Nd4 25. Qd2 Qb7 26. Nc2 Nxc2 27. Qxc2 Rcd8 28.
Bh3 Bf6 29. Bc1 Be7 30. a4 Bd7 31. Bxd7 Qxd7 32. Be3 Rb8 33. Kg2 Qe6 34. Qd3 f5
35. Qd5 Qxd5 36. Rxd5 fxe4 37. Bc1 Rbc8 38. Rxe4 Rc5 39. Be3 Rc6 40. Bd2 Kf7
41. Re2 Bf8 42. Kf3 Ke6 43. Ke4 Rc5 44. Be3 Rc6 45. Red2 Rec8 46. Rb5 Rb8 47.
Rdd5 Rb7 48. Rd3 Rb8 49. Bg5 Rb7 50. Rf3 Rb8 51. Rf6+ Ke7 52. Rxg6+ Kf7 53.
Rf6+ Kg8 54. Be3 d5+ 55. Kf5 Rxf6+ 56. Kxf6 dxc4 57. bxc4 Rc8 58. Rxb6 Rxc4 59.
Rb8 e4 60. g4 Rc6+ 61. Kf5 Kf7 62. Rb7+ Kg8 63. Rb5 Bxh6 64. Bxh6 Rxh6 65. Kxe4
Ra6 66. Rf5 Kg7 67. f3 Kg6 68. Kd4 Rd6+ 69. Kc4 Rb6 70. Rxa5 Rf6 71. Rf5 1-0

[Event "I Cerrado Concello de Arteixo 2015"]
[Site "Arteixo ESP"]
[Date "2015.07.14"]
[Round "2.4"]
[White "Kantans, Toms"]
[Black "Paunovic, Dragan"]
[Result "1-0"]
[WhiteElo "2458"]
[BlackElo "2451"]
[PlyCount "87"]
[EventDate "2015.07.13"]
[EventType "tourn"]
[EventRounds "9"]
[EventCountry "ESP"]
[EventCategory "4"]
[Source "lmi"]
[SourceDate "2015.07.13"]

1. e4 d6 2. d4 Nf6 3. Nc3 e5 4. Nf3 Nbd7 5. Bc4 Be7 6. O-O Nb6 7. Be2 Nbd7 8.
Re1 O-O 9. a4 c6 10. a5 h6 11. h3 Nh7 12. a6 Ng5 13. Bxg5 Bxg5 14. d5 c5 15.
Ra3 Be7 16. Qa1 bxa6 17. Bxa6 Nb6 18. Bb5 f5 19. Bc6 Rb8 20. Rxa7 fxe4 21. Nd2
Rf6 22. Ndxe4 Rg6 23. Re3 Nc4 24. Rf3 Rxb2 25. Ra4 Rb4 26. Rxb4 cxb4 27. Nb5
Na5 28. Be8 Qxe8 29. Qxa5 Bb7 30. Nc7 Qc8 31. Rb3 Bd8 32. Qxb4 Qxc7 33. Qxb7
Qxc2 34. Re3 Bg5 35. Re1 Bd2 36. Qb1 Qxb1 37. Rxb1 Ba5 38. Rb5 Bc7 39. Rb7 Ba5
40. g4 Kf8 41. Kg2 Bd8 42. Rb8 Ke7 43. Kg3 Kd7 44. h4 1-0

[Event "I Cerrado Concello de Arteixo 2015"]
[Site "Arteixo ESP"]
[Date "2015.07.14"]
[Round "2.5"]
[White "Gonzalez Trigal, Jose Luis"]
[Black "Medarde Santiago, Luis Marcos"]
[Result "1/2-1/2"]
[WhiteElo "2246"]
[BlackElo "2273"]
[PlyCount "121"]
[EventDate "2015.07.13"]
[EventType "tourn"]
[EventRounds "9"]
[EventCountry "ESP"]
[EventCategory "4"]
[Source "lmi"]
[SourceDate "2015.07.13"]

1. d4 Nf6 2. c4 g6 3. Nc3 d5 4. cxd5 Nxd5 5. e4 Nxc3 6. bxc3 Bg7 7. Nf3 c5 8.
Rb1 O-O 9. Be2 cxd4 10. cxd4 Qa5+ 11. Bd2 Qxa2 12. O-O Bg4 13. Bg5 h6 14. Be3
Qe6 15. h3 Bxf3 16. Bxf3 Qd7 17. d5 h5 18. Qb3 b6 19. Qa3 Qd6 20. Qxd6 exd6 21.
Rfc1 Na6 22. Rc6 Rfd8 23. Bg5 Rd7 24. Bf4 Be5 25. Bxe5 dxe5 26. Ra1 Nc7 27. g4
Nb5 28. Rxb6 Nd4 29. Bd1 hxg4 30. Bxg4 Rdd8 31. Rb7 a5 32. Bd7 Nb3 33. Rxb3
Rxd7 34. Ra4 Kg7 35. Rb5 Rda7 36. Kg2 Ra6 37. Kf3 Rf6+ 38. Kg2 Rf4 39. d6 Rd8
40. Rd5 Rf6 41. Raxa5 Rdxd6 42. Rxd6 Rxd6 43. Rxe5 Rd3 44. Ra5 f6 45. h4 Rd4
46. Ra7+ Kh6 47. f3 f5 48. Re7 fxe4 49. fxe4 g5 50. Kg3 gxh4+ 51. Kf4 Kg6 52.
Re6+ Kg7 53. Re5 Rd1 54. Rh5 Rh1 55. Kg4 Re1 56. Kf5 Rh1 57. e5 h3 58. Ke6 h2
59. Ke7 Re1 60. Rxh2 Rxe5+ 61. Kd6 1/2-1/2

[Event "I Cerrado Concello de Arteixo 2015"]
[Site "Arteixo ESP"]
[Date "2015.07.14"]
[Round "3.1"]
[White "Medarde Santiago, Luis Marcos"]
[Black "Iwanow, Anna"]
[Result "1-0"]
[WhiteElo "2273"]
[BlackElo "2206"]
[PlyCount "79"]
[EventDate "2015.07.13"]
[EventType "tourn"]
[EventRounds "9"]
[EventCountry "ESP"]
[EventCategory "4"]
[Source "lmi"]
[SourceDate "2015.07.13"]

1. e4 e5 2. Nf3 Nc6 3. d4 exd4 4. Nxd4 Bc5 5. Be3 Qf6 6. Nb5 Bxe3 7. fxe3 Qh4+
8. g3 Qxe4 9. Nxc7+ Kd8 10. Nxa8 Qxh1 11. Qd6 Nf6 12. Nc3 Qf3 13. Qc7+ Ke7 14.
Be2 Qxe3 15. Rd1 Qe5 16. Qxe5+ Nxe5 17. Nc7 b6 18. N7b5 Bb7 19. Nxa7 h5 20.
Nab5 h4 21. gxh4 g6 22. Rd4 Bc6 23. Rb4 Ne8 24. Nd4 Bh1 25. h5 gxh5 26. Rxb6
Nd6 27. Ncb5 Nc8 28. Nf5+ Kd8 29. Rb8 Nc6 30. Nbd6 Nxb8 31. Nxf7+ Kc7 32. Nxh8
Nc6 33. Bxh5 Be4 34. Ne3 Nb4 35. Kd2 d5 36. Bg6 Bxg6 37. Nxg6 Nxa2 38. Nxd5+
Kd6 39. Ngf4 Ke5 40. c3 1-0

[Event "I Cerrado Concello de Arteixo 2015"]
[Site "Arteixo ESP"]
[Date "2015.07.14"]
[Round "3.2"]
[White "Paunovic, Dragan"]
[Black "Gonzalez Trigal, Jose Luis"]
[Result "1/2-1/2"]
[WhiteElo "2451"]
[BlackElo "2246"]
[PlyCount "64"]
[EventDate "2015.07.13"]
[EventType "tourn"]
[EventRounds "9"]
[EventCountry "ESP"]
[EventCategory "4"]
[Source "lmi"]
[SourceDate "2015.07.13"]

1. Nf3 c5 2. g3 d5 3. Bg2 Nc6 4. d4 e6 5. O-O Nf6 6. c4 Be7 7. cxd5 exd5 8. Nc3
O-O 9. Bg5 c4 10. Ne5 Be6 11. f4 h6 12. Bxf6 Bxf6 13. Kh1 Ne7 14. Qd2 Qa5 15.
e3 b5 16. a3 Rfd8 17. Qf2 h5 18. f5 Nxf5 19. Nc6 Qb6 20. Nxd8 Rxd8 21. Ne2 Bg5
22. Nf4 g6 23. Rae1 a5 24. Bh3 Qc7 25. Nxe6 fxe6 26. e4 dxe4 27. Rxe4 Rd6 28.
Rfe1 Qc6 29. Bg2 Qd7 30. Bh3 Qc6 31. Bg2 Qd7 32. Bh3 Qc6 1/2-1/2

[Event "I Cerrado Concello de Arteixo 2015"]
[Site "Arteixo ESP"]
[Date "2015.07.14"]
[Round "3.3"]
[White "Sande Edreira, Jose Antonio"]
[Black "Kantans, Toms"]
[Result "0-1"]
[WhiteElo "2277"]
[BlackElo "2458"]
[PlyCount "78"]
[EventDate "2015.07.13"]
[EventType "tourn"]
[EventRounds "9"]
[EventCountry "ESP"]
[EventCategory "4"]
[Source "lmi"]
[SourceDate "2015.07.13"]

1. c4 Nf6 2. g3 c5 3. Bg2 Nc6 4. Nc3 g6 5. a3 Bg7 6. Rb1 O-O 7. b4 d6 8. d3 Qc7
9. Nf3 b6 10. O-O Bb7 11. Bg5 e6 12. Qd2 Rfe8 13. Bh6 Bh8 14. h3 Rad8 15. Rfc1
Qc8 16. Qf4 e5 17. Qh4 Nd4 18. e4 Nd7 19. Nxd4 exd4 20. Nd5 Bxd5 21. cxd5 Qa6
22. b5 Qxa3 23. Rd1 Rc8 24. Bf4 c4 25. dxc4 Rxc4 26. Ra1 Qb3 27. Rdb1 Qc3 28.
Rxa7 Ne5 29. Bh6 d3 30. Qf4 Bg7 31. Rd1 Qc2 32. Raa1 Bxh6 33. Qxh6 Rec8 34. Qe3
Qe2 35. Qxb6 d2 36. Bf1 Nf3+ 37. Kh1 Qxe4 38. Bg2 Rc1 39. Qa5 Qe1+ 0-1

[Event "I Cerrado Concello de Arteixo 2015"]
[Site "Arteixo ESP"]
[Date "2015.07.14"]
[Round "3.4"]
[White "Fernandez Borrego, Pablo"]
[Black "Vega Gomez, Francisco B"]
[Result "1-0"]
[WhiteElo "2378"]
[BlackElo "2237"]
[PlyCount "95"]
[EventDate "2015.07.13"]
[EventType "tourn"]
[EventRounds "9"]
[EventCountry "ESP"]
[EventCategory "4"]
[Source "lmi"]
[SourceDate "2015.07.13"]

1. Nf3 d6 2. e4 Nf6 3. Nc3 e5 4. d4 Nbd7 5. g4 g6 6. Rg1 Bg7 7. Be3 O-O 8. g5
Nh5 9. Qd2 c6 10. d5 c5 11. Bh3 Nb6 12. Bxc8 Rxc8 13. Qe2 Nf4 14. Qf1 Nd7 15.
Nd2 c4 16. Nxc4 Nc5 17. a4 f5 18. gxf6 Rxf6 19. b3 a6 20. a5 Rc7 21. O-O-O Nd7
22. Kb2 Qe7 23. Na4 Rf8 24. Rd2 Nf6 25. Nc3 Rfc8 26. Bb6 Rd7 27. Qa1 Ne8 28.
Qa4 Nc7 29. Be3 Rf8 30. Qb4 Ne8 31. Na4 Nf6 32. Ncb6 Rdd8 33. f3 N6h5 34. c4
Bh6 35. Rgd1 Rf7 36. c5 Qh4 37. cxd6 Qh3 38. Rf2 Bf8 39. Nc4 Ng2 40. Bb6 Rdd7
41. Qc3 Qxh2 42. Rdd2 Nhf4 43. Nxe5 Bg7 44. Bd4 Qh4 45. Nxd7 Rxd7 46. Bxg7 Rxg7
47. Rxg2 Qe1 48. d7 1-0

[Event "I Cerrado Concello de Arteixo 2015"]
[Site "Arteixo ESP"]
[Date "2015.07.14"]
[Round "3.5"]
[White "Senlle Caride, Miguel"]
[Black "Hoffman, Alejandro"]
[Result "1/2-1/2"]
[WhiteElo "2330"]
[BlackElo "2456"]
[PlyCount "26"]
[EventDate "2015.07.13"]
[EventType "tourn"]
[EventRounds "9"]
[EventCountry "ESP"]
[EventCategory "4"]
[Source "lmi"]
[SourceDate "2015.07.13"]

1. Nf3 d5 2. g3 g6 3. Bg2 Bg7 4. d4 c6 5. O-O Nf6 6. c4 O-O 7. cxd5 cxd5 8. Ne5
e6 9. Nc3 Nfd7 10. f4 Nb6 11. b3 f6 12. Nd3 Nc6 13. e3 Rf7 1/2-1/2

[Event "I Cerrado Concello de Arteixo 2015"]
[Site "Arteixo ESP"]
[Date "2015.07.15"]
[Round "4.1"]
[White "Iwanow, Anna"]
[Black "Hoffman, Alejandro"]
[Result "1-0"]
[WhiteElo "2206"]
[BlackElo "2456"]
[PlyCount "39"]
[EventDate "2015.07.13"]
[EventType "tourn"]
[EventRounds "9"]
[EventCountry "ESP"]
[EventCategory "4"]
[Source "lmi"]
[SourceDate "2015.07.13"]

1. e4 g6 2. d4 Bg7 3. Nc3 a6 4. f4 d5 5. Nxd5 c6 6. Ne3 Qxd4 7. Bd3 b5 8. Nf3
Qb6 9. a4 Bb7 10. Qe2 Nd7 11. c3 Nc5 12. Bc2 Nf6 13. e5 Nfd7 14. Nd4 O-O 15. h4
Nxa4 16. Ndf5 gxf5 17. Nxf5 e6 18. Ne7+ Kh8 19. Qh5 h6 20. f5 1-0

[Event "I Cerrado Concello de Arteixo 2015"]
[Site "Arteixo ESP"]
[Date "2015.07.15"]
[Round "4.2"]
[White "Vega Gomez, Francisco B"]
[Black "Senlle Caride, Miguel"]
[Result "1/2-1/2"]
[WhiteElo "2237"]
[BlackElo "2330"]
[PlyCount "88"]
[EventDate "2015.07.13"]
[EventType "tourn"]
[EventRounds "9"]
[EventCountry "ESP"]
[EventCategory "4"]
[Source "lmi"]
[SourceDate "2015.07.13"]

1. Nf3 Nf6 2. d4 e6 3. c4 d5 4. g3 Be7 5. Bg2 O-O 6. O-O dxc4 7. Qc2 b5 8. a4
b4 9. Nbd2 Bb7 10. Nxc4 Be4 11. Qd1 a5 12. Re1 Nbd7 13. Nfe5 Bxg2 14. Kxg2 Ra6
15. Bg5 c5 16. Nxd7 Nxd7 17. Bxe7 Qxe7 18. d5 exd5 19. Qxd5 Nb6 20. Nxb6 Rxb6
21. Rac1 Rc8 22. Red1 g6 23. e3 Rbc6 24. Rc4 Kg7 25. b3 R8c7 26. h4 h5 27. Qg5
Qe6 28. Qf4 Rd7 29. Rxd7 Qxd7 30. Qe5+ f6 31. Qb8 Qc7 32. Qe8 Qd6 33. Qa8 Qc7
34. Re4 Rd6 35. Kh2 Rd2 36. Kg1 Rd1+ 37. Kg2 Rd8 38. Qa6 Rd6 39. Qb5 Qc6 40.
Qxc6 Rxc6 41. Re7+ Kf8 42. Ra7 c4 43. bxc4 b3 44. Rb7 Rxc4 1/2-1/2

[Event "I Cerrado Concello de Arteixo 2015"]
[Site "Arteixo ESP"]
[Date "2015.07.15"]
[Round "4.3"]
[White "Kantans, Toms"]
[Black "Fernandez Borrego, Pablo"]
[Result "1/2-1/2"]
[WhiteElo "2458"]
[BlackElo "2378"]
[PlyCount "86"]
[EventDate "2015.07.13"]
[EventType "tourn"]
[EventRounds "9"]
[EventCountry "ESP"]
[EventCategory "4"]
[Source "lmi"]
[SourceDate "2015.07.13"]

1. e4 c5 2. Nf3 Nc6 3. Bb5 e6 4. O-O Nge7 5. d4 cxd4 6. Nxd4 Qb6 7. Nxc6 Nxc6
8. a4 a6 9. Bd3 e5 10. Nc3 Nb4 11. a5 Qc6 12. Ra4 Bc5 13. Bc4 O-O 14. b3 b5 15.
axb6 Qxb6 16. Rxb4 Qxb4 17. Nd5 Qb7 18. Bg5 Qc6 19. Qf3 Bb7 20. Re1 Qg6 21. Be7
Bxd5 22. Bxf8 Bxf2+ 23. Qxf2 Bxc4 24. Bxg7 Kxg7 25. bxc4 Rb8 26. h3 Rb6 27. Re3
Rf6 28. Qe1 Qh5 29. Rd3 d6 30. Ra3 Rg6 31. Qd2 Qh4 32. Qe3 a5 33. Rxa5 Rg3 34.
Qf2 Qf4 35. Qxf4 exf4 36. c5 dxc5 37. Rxc5 f3 38. Kf2 fxg2 39. Kg1 Kf6 40. Rf5+
Ke6 41. Rf2 Rxh3 42. Kxg2 Re3 43. Rf4 Re2+ 1/2-1/2

[Event "I Cerrado Concello de Arteixo 2015"]
[Site "Arteixo ESP"]
[Date "2015.07.15"]
[Round "4.4"]
[White "Gonzalez Trigal, Jose Luis"]
[Black "Sande Edreira, Jose Antonio"]
[Result "1-0"]
[WhiteElo "2246"]
[BlackElo "2277"]
[PlyCount "73"]
[EventDate "2015.07.13"]
[EventType "tourn"]
[EventRounds "9"]
[EventCountry "ESP"]
[EventCategory "4"]
[Source "lmi"]
[SourceDate "2015.07.13"]

1. d4 Nf6 2. c4 g6 3. Nc3 Bg7 4. e4 d6 5. Nf3 O-O 6. h3 c5 7. d5 e6 8. Bd3 exd5
9. cxd5 b6 10. O-O Ba6 11. a4 Bxd3 12. Qxd3 Nbd7 13. Bf4 Ne8 14. Rfe1 Qe7 15.
a5 Rb8 16. Nb5 bxa5 17. Rxa5 Rb7 18. Rxa7 Rxa7 19. Nxa7 h6 20. Qd2 g5 21. Bg3
Nb6 22. Nc6 Qb7 23. b3 Nc8 24. Qd1 Nf6 25. Nd2 Re8 26. Na5 Qe7 27. Re3 Nd7 28.
Nc6 Qf6 29. Qg4 Nf8 30. e5 dxe5 31. Bxe5 Qg6 32. Bxg7 f5 33. Qe2 Rxe3 34. Qxe3
Qxg7 35. Qxc5 Qa1+ 36. Kh2 Kf7 37. Nd8+ 1-0

[Event "I Cerrado Concello de Arteixo 2015"]
[Site "Arteixo ESP"]
[Date "2015.07.15"]
[Round "4.5"]
[White "Medarde Santiago, Luis Marcos"]
[Black "Paunovic, Dragan"]
[Result "1/2-1/2"]
[WhiteElo "2273"]
[BlackElo "2451"]
[PlyCount "60"]
[EventDate "2015.07.13"]
[EventType "tourn"]
[EventRounds "9"]
[EventCountry "ESP"]
[EventCategory "4"]
[Source "lmi"]
[SourceDate "2015.07.13"]

1. e4 c5 2. Nc3 e6 3. Nf3 a6 4. d4 cxd4 5. Nxd4 Qc7 6. Be2 Nf6 7. O-O Nc6 8.
Be3 Nxd4 9. Bxd4 Bc5 10. e5 Nd5 11. Nxd5 exd5 12. Bf3 b5 13. Bxc5 Qxc5 14. Qxd5
Qxd5 15. Bxd5 Ra7 16. c4 Bb7 17. Rfd1 Ke7 18. cxb5 axb5 19. Bxb7 Rxb7 20. Rac1
Ra8 21. a3 b4 22. axb4 Rxb4 23. Rc7 Rd8 24. Rc2 Re4 25. Rc5 Rb8 26. Rc7 Rd8 27.
Rc5 Rb8 28. Rcd5 Rxb2 29. Rxd7+ Ke6 30. R7d6+ Ke7 1/2-1/2

[Event "I Cerrado Concello de Arteixo 2015"]
[Site "Arteixo ESP"]
[Date "2015.07.15"]
[Round "5.1"]
[White "Paunovic, Dragan"]
[Black "Iwanow, Anna"]
[Result "0-1"]
[WhiteElo "2451"]
[BlackElo "2206"]
[PlyCount "62"]
[EventDate "2015.07.13"]
[EventType "tourn"]
[EventRounds "9"]
[EventCountry "ESP"]
[EventCategory "4"]
[Source "lmi"]
[SourceDate "2015.07.13"]

1. Nf3 Nf6 2. g3 g6 3. Bg2 Bg7 4. c4 c5 5. O-O O-O 6. d4 d5 7. cxd5 cxd4 8.
Nxd4 Nxd5 9. Nc3 Nxc3 10. bxc3 Qc7 11. Qb3 Nc6 12. Nxc6 bxc6 13. Qa3 Bg4 14.
Bf4 e5 15. Be3 Bxe2 16. Rfe1 Bc4 17. Qc5 Be6 18. Qxc6 Qxc6 19. Bxc6 Rac8 20.
Bg2 a5 21. Bb6 a4 22. Ba5 f5 23. Bb7 Rb8 24. Bc6 a3 25. Rad1 e4 26. Rd6 Bxa2
27. Ra1 Bc4 28. Bd5+ Bxd5 29. Rxd5 Rb3 30. Ra2 Ra8 31. c4 e3 0-1

[Event "I Cerrado Concello de Arteixo 2015"]
[Site "Arteixo ESP"]
[Date "2015.07.15"]
[Round "5.2"]
[White "Sande Edreira, Jose Antonio"]
[Black "Medarde Santiago, Luis Marcos"]
[Result "1/2-1/2"]
[WhiteElo "2277"]
[BlackElo "2273"]
[PlyCount "90"]
[EventDate "2015.07.13"]
[EventType "tourn"]
[EventRounds "9"]
[EventCountry "ESP"]
[EventCategory "4"]
[Source "lmi"]
[SourceDate "2015.07.13"]

1. c4 Nf6 2. g3 e6 3. Nf3 d5 4. Bg2 dxc4 5. Qc2 Nbd7 6. Qxc4 a6 7. Qc2 c5 8.
O-O Qc7 9. d3 Bd6 10. a4 b6 11. Na3 Bb7 12. Nc4 O-O 13. Bd2 Be7 14. Rfc1 Nd5
15. Qb3 Bc6 16. e4 Nb4 17. Bxb4 cxb4 18. d4 Qb7 19. Nfd2 Nf6 20. d5 exd5 21.
Ne5 Rac8 22. Nxc6 Rxc6 23. exd5 Rxc1+ 24. Rxc1 Bc5 25. Ne4 Nxe4 26. Bxe4 Qc7
27. Rc2 Qe5 28. Re2 Qd4 29. Qd3 Qxd3 30. Bxd3 a5 31. Bb5 g6 32. b3 Rc8 33. Kg2
Kg7 34. Bc6 Rc7 35. Kf3 Re7 36. Rxe7 Bxe7 37. Ke4 Kf6 38. f4 Bc5 39. g4 h6 40.
h4 Ke7 41. Bb5 Bf2 42. h5 gxh5 43. gxh5 Kd6 44. Be8 f6 45. Bc6 Be1 1/2-1/2